El anfitrión /

Sábháilte in:
Sonraí bibleagrafaíochta
Príomhchruthaitheoir: Edwards, Jorge (autor)
Formáid: LEABHAR
Teanga:Spáinnis
Foilsithe / Cruthaithe: Santiago, Chile : Planeta, 1987, c1987
Eagrán:2a edición
Sraith:(Biblioteca del Sur)
Ábhair:
Clibeanna: Cuir clib leis
Níl clibeanna ann, Bí ar an gcéad duine le clib a chur leis an taifead seo!

MARC

LEADER 00000nam^a2200000^a^4500
001 000190918
005 20250521000000.0
009 20260310102507.04
020 |a 956-247-011-2 
025 |a Donación Lourdes Sierra, 1 ejemplar 
037 |a Acervo ITESO - Biblioteca 
041 |a ESP 
082 |a 863.  |b EDW 
100 |a Edwards, Jorge  |e (autor) 
245 1 3 |a El anfitrión /  |c J. Edwards. 
250 |a 2a edición 
264 4 |a Santiago, Chile :  |b Planeta,  |c 1987, c1987 
300 |a 201 p. 
336 |a texto  |b txt  |2 rdacontenido 
337 |a sin mediación  |b n  |2 rdamedio 
338 |a volumen  |b nc  |2 rdasoporte 
440 1 |a (Biblioteca del Sur) 
585 |a Exposición DIA 2023-09 / A 50 años del golpe de Estado: Chile e ITESO, convergencias con la dignidad y la memoria  
649 |a XX 
650 |a Novela Chilena 
650 |a Literatura Chilena -  |y Siglo XX 
650 |a Literatura e Historia 
650 |a Chile en la Literatura 
650 |a Chile -  |x Historia -  |y 1973-1990 
650 |a Chile -  |x Historia -  |y Siglo XX 
910 |a Fondo General 
920 |a Impresos - Libros 
930 |a Colección General 
940 |a Literatura 
905 |a 101 
901 |a 0500134187  |b IT1  |c LIT  |i D  |u 20250521 
902 |a https://opac.biblio.iteso.mx/vufind/Record/000190918